Convivir con el alcoholismo. / (Registro nro. 36068)

Detalles MARC
000 -CABECERA
Longitud fija campo de control 00553nam a2200193 4500
003 - • IDENTIFICADOR DELl NÚMERO DE CONTROL
Identificador del número de control CO-ViMGA
020 ## - • NÚMERO INTERNACIONAL NORMALIZADO PARA LIBROS
Número Internacional Normalizado para Libros (ISBN) 9788498354270
040 ## - FUENTE DE LA CATALOGACIÓN
Centro catalogador de origen CO-ViMGA
Lengua de catalogación spa
Centro transcriptor CO-ViMGA
082 04 - • NÚMERO DE LA CLASIFICACIÓN DECIMAL DEWEY
Número de clasificación (R) 616.89
Número del ítem B74c
100 1# - • PUNTO DE ACCESO PRINCIPAL-NOMBRE DE PERSONA
Nombre de persona Brik Galicer, Eduardo
245 10 - • TITULO PROPIAMENTE DICHO
Título Convivir con el alcoholismo. /
Mención de responsabilidad, etc. Brik Galicer, Eduardo
300 ## - • DESCRIPCIÓN FÍSICA
Extensión 198 p. ;
Otras características físicas il. , col. , 20 cm.
500 ## - • NOTA GENERAL
Nota general Incluye bibliografía.
650 14 - • PUNTO DE ACCESO ADICIONAL DE MATERIA - TÉRMINO DE MATERIA
Término de materia o nombre geográfico como elemento inicial Alcoholismo
700 1# - • PUNTO DE ACCESO ADICIONAL - NOMBRE DE PERSONA
Nombre de persona Bejega, Javier
942 ## - ENTRADA DE ELEMENTOS AGREGADOS (KOHA)
Fuente de clasificaión o esquema Dewey Decimal Classification
Koha [por defecto] tipo de item LIbro
945 ## - TRATAMIENTO DE LA INFORMACIÓN LOCAL (OCLC)
d 07/09/2016
Existencias
Perdido Fuente de clasificación o esquema Estado Físico No para préstamo Forma de adquisición Localización permanente Localización actual Fecha adquisición Préstamos totales Signatura completa Código de barras Fecha última consulta Número de copia Fecha del precio de reemplazo Tipo de item de Koha
  Dewey Decimal Classification     Sala Especializada Tercer Piso Biblioteca Pública Germán Arciniegas - Villavicencio Biblioteca Pública Germán Arciniegas - Villavicencio 09/07/2016   616.89 B74c 30563 09/07/2016 Ej. 1 09/07/2016 LIbro









Instituto Departamental de Cultura del Meta - Red Departamental de Bibliotecas Públicas del Meta.